Crímenes en estado de emoción violenta (Registro nro. 2895)

Detalles MARC
000 -Cabecera
Campo de control de longitud fija 00731aam a2200289 4500
005 - Fecha y hora de la última transacción
Campo de control 20260320163946.0
008 - Elementos de longitud fija--Información general
Campo de control de longitud fija 150617b2009 xxu||||| |||| 00| 0 spa d
020 ## - International Standard Book Number
Número Internacional Estándar del Libro (ISBN) 9700770516
041 ## - Idioma
Código de idioma Español
082 ## - Clasificación Decimal Dewey
Número de clasificación 364.3 G993c2
100 ## - Entrada principal--Autor personal
Nombre personal Guzmán Walffer, Ricardo
245 ## - Título propiamente dicho
Título Crímenes en estado de emoción violenta
250 ## - Edición
Mención de edición 2 edición
260 ## - Pie de imprenta
Lugar de publicación, distribución, etc. México
260 ## - Pie de imprenta
Nombre del editor, distribuidor, etc. Porrúa
260 ## - Pie de imprenta
Fecha de publicación, distribución, etc. 2009
300 ## - Descripción física
Extensión 157 páginas
490 ## - Serie
Título de la Serie Investigación Criminal
650 ## - Materia general
Temática (materia general) PSICOLOGÍA CRIMINAL
650 ## - Materia general
Temática (materia general) CRÍMENES
650 ## - Materia general
Temática (materia general) VIOLENCIA
650 ## - Materia general
Temática (materia general) EMOCIÓN VIOLENTA
650 ## - Materia general
Temática (materia general) CUESTIONES SUSTANTIVAS
650 ## - Materia general
Temática (materia general) CUESTIONES ADJETIVAS
650 ## - Materia general
Temática (materia general) VICTIMOLOGÍA
942 ## - Punto de acceso adicional KOHA
Tipo de ítem KOHA Libro
Fuente del sistema de clasificación o colocación Dewey Decimal Classification
Existencias
Signatura completa Código de barras Programa Académico Tipo de ítem
364.3 G993c2 16336 Investigación Criminal Libro